Tipos y caracteres (Record no. 159524)

MARC details
000 -LEADER
campo de control de longitud fija 01235nam a22002655i 4500
001 - NÚMERO DE CONTROL
campo de control 159524
003 - IDENTIFICADOR DE NÚMERO DE CONTROL
campo de control ES-MaACL
005 - FECHA Y HORA DE LA ÚLTIMA TRANSACCIÓN
campo de control 20231226174859.0
008 - DATOS DE LONGITUD FIJA--INFORMACIÓN GENERAL
campo de control de longitud fija 990503s1881 sp |||| | spa d
100 1# - ENTRADA PRINCIPAL--NOMBRE DE PERSONA
Nombre de persona Mesonero Romanos, Ramón de,
Fechas asociadas al nombre 1803-1882
9 (RLIN) 80672
245 10 - MENCIÓN DEL TÍTULO
Título Tipos y caracteres
Resto del título : bocetos de cuadros de costumbres : (1843 a 1862) /
Mención de responsabilidad, etc. por El Curioso Parlante.
250 ## - MENCION DE EDICION
Mención de edición Nueva ed., corr. y aum.
260 ## - PUBLICACIÓN, DISTRIBUCIÓN, ETC.
Lugar de publicación, distribución, etc. Madrid :
Nombre del editor, distribuidor, etc. Oficinas de la Ilustración Española y Americana,
Fecha de publicación, distribución, etc. 1881.
300 ## - DESCRIPCIÓN FÍSICA
Extensión XIII, 304 p. ;
Dimensiones 22 cm.
490 1# - MENCIÓN DE SERIE
Mención de serie Obras jocosas y satíricas de El Curioso Parlante ;
Designación de volumen o secuencia 3
505 8# - NOTA DE CONTENIDO CON FORMATO
Nota de contenido con formato Incluye: Poesías típico-características
530 ## - NOTA DISPONIBLE DE FORMULARIO FÍSICO ADICIONAL
Nota de formato físico adicional disponible Disponible en formato digital.
593 ## -
-- El Curioso Parlante es seud. de Ramón de Mesonero Romanos.
651 #4 - PUNTO DE ACCESO ADICIONAL DE MATERIA--NOMBRE GEOGRÁFICO
Nombre geográfico Madrid-
Subdivisión general Usos y costumbres-
Subdivisión cronológica S.XIX.
9 (RLIN) 8988
830 1# - PUNTO DE ACCESO ADICIONAL DE SERIE-TÍTULO UNIFORME
Título uniforme Obras jocosas y satíricas de El Curioso Parlante ;
Designación de volumen o secuencia 3
9 (RLIN) 221945
852 ## - LOCALIZACIÓN
Ubicación ES-MaACL
Número de control de estantería Z-30(I)
Nota libre - Enc. hol.
Encuadernación Olim: B-5674(1)
856 ## - LOCALIZACIÓN Y ACCESO ELECTRÓNICOS
Identificador Uniforme de Recursos <a href="http://bdh-rd.bne.es/viewer.vm?id=0000108289&page=1 ">http://bdh-rd.bne.es/viewer.vm?id=0000108289&page=1 </a>
Nota pública Biblioteca Digital Hispánica
856 ## - LOCALIZACIÓN Y ACCESO ELECTRÓNICOS
Identificador Uniforme de Recursos <a href="http://hdl.handle.net/10017/9331 ">http://hdl.handle.net/10017/9331 </a>
Nota pública Biblioteca Digital de la Universidad de Alcalá
Holdings
Estatus retirado Estado de pérdida Estado de daño No para préstamo Colección Biblioteca de origen Biblioteca actual Ubicación en estantería Fecha de adquisición Total de préstamos Signatura topográfica completa Código de barras Visto por última vez Precio de reemplazo Tipo de ítem Koha
        Colección digital Biblioteca del Ateneo de Madrid Biblioteca del Ateneo de Madrid Depósito Z 17/01/2008   Z-30(I) 1167002 23/02/2023 23/02/2023 Libro impreso antiguo